Teória informačného prieskumu
Na minha lista:
| Autor principal: | |
|---|---|
| Formato: | Livro |
| Idioma: | eslovaco |
| Publicado em: |
Bratislava
Slovenská technická knižnica - Centrum VTI SR
1996
|
| Assuntos: | |
| Tags: |
Sem tags, seja o primeiro a adicionar uma tag!
|
MARC
| LEADER | 00000nam a2200000 4500 | ||
|---|---|---|---|
| 001 | c018556 | ||
| 005 | 20260120100853.8 | ||
| 020 | |a 80-85165-58-9 | ||
| 041 | 0 | |a slo | |
| 044 | |a SK | ||
| 245 | 1 | 0 | |a Teória informačného prieskumu |c Jela Steinerová |
| 264 | 1 | |a Bratislava |b Slovenská technická knižnica - Centrum VTI SR |c 1996 | |
| 300 | |a 262 s. | ||
| 610 | 2 | 0 | |a prieskum informačný |
| 610 | 2 | 0 | |a informácie |
| 610 | 2 | 0 | |a modely |
| 610 | 2 | 0 | |a modelovanie |
| 610 | 2 | 0 | |a stratégia informačná |
| 100 | 1 | |a Steinerová, Jela | |